Tục lệ buộc vía người Thái ở Nghệ An
Khái quát về người Thái ở Nghệ An nói chung và người Thái ở vùng Khủn Tinh (Quỳ Hợp) nói riêng. Một số quan niệm về hồn vía và tục lệ buộc vía theo vòng đời, buộc vía trong trường hợp ốm đau của người Thái ở vùng Khủn Tinh
में बचाया:
| मुख्य लेखक: | |
|---|---|
| स्वरूप: | पुस्तक |
| भाषा: | Vietnamese |
| प्रकाशित: |
H.
Văn hoá Thông tin
2012
|
| विषय: | |
| टैग : |
टैग जोड़ें
कोई टैग नहीं, इस रिकॉर्ड को टैग करने वाले पहले व्यक्ति बनें!
|
| Thư viện lưu trữ: | Mạng thư viện Đại học Đà Nẵng |
|---|
| LEADER | 01565aam a22003858a 4500 | ||
|---|---|---|---|
| 001 | 000018043 | ||
| 003 | 14470 | ||
| 005 | 20130827140804.0 | ||
| 008 | 130827s2012 viesd | ||
| 020 | |d 2000b | ||
| 041 | 0 | |a vie | |
| 082 | 1 | 4 | |2 14 |a 390.0959742 |b QU-M |
| 100 | 1 | |a Quán Vi Miên | |
| 245 | 1 | 0 | |a Tục lệ buộc vía người Thái ở Nghệ An |c Quán Vi Miên |
| 260 | |a H. |b Văn hoá Thông tin |c 2012 | ||
| 300 | |a 611 tr. |c 21 cm. | ||
| 500 | |a ĐTTS ghi: Hội Văn nghệ dân gian Việt Nam | ||
| 504 | |a Thư mục: tr. 609-610 | ||
| 520 | |a Khái quát về người Thái ở Nghệ An nói chung và người Thái ở vùng Khủn Tinh (Quỳ Hợp) nói riêng. Một số quan niệm về hồn vía và tục lệ buộc vía theo vòng đời, buộc vía trong trường hợp ốm đau của người Thái ở vùng Khủn Tinh | ||
| 650 | 0 | 4 | |2 Bộ TK TVQG |a Phong tục tập quán |x Người Thái |z Nghệ An |
| 650 | 7 | |2 Bộ TK TVQG | |
| 650 | 7 | |2 Bộ TK TVQG | |
| 651 | 7 | |2 Bộ TK TVQG |a Nghệ An | |
| 653 | |a Buộc vía | ||
| 653 | |a Tục lệ | ||
| OWN | |a LSP | ||
| AVA | |a UDN50 |b LSP |d 390.0959742 QU-M |e available |t Error 5001 Not defined in file expand_doc_bib_avail. |f 1 |g 0 |h N |i 0 |k 1 | ||
| 999 | |a From the UDN01 | ||
| AVA | |a UDN50 |b LSP |d 390.0959742 QU-M |e available |t Error 5001 Not defined in file expand_doc_bib_avail. |f 1 |g 0 |h N |i 0 |k 1 | ||
| TYP | |a Monograph | ||
| TYP | |a Printed language | ||
| 980 | |a Mạng thư viện Đại học Đà Nẵng | ||